000 01124nam a2200241Ii 4500
003 JO-AjNU
005 20240629122606.0
008 230605s9999||||xx |||||||||||||| ||und||
040 _aJO-AjNU
_bara
_erda
_cJO-AjNU
041 _aara
050 1 4 _aKMM100.8.2020
100 1 _aالطائي، الاء ماجد محمد نوار
_eمعد
_965807
245 0 _aالاشتراط لمصلحة الغير ومدى تأثيره على اثر العقد = The condition for the benefit of others and the extent of its impact on the effect of the contract /
_cاعداد الاء ماجد محمد نوار الطائي؛ اشراف محمد بني مقداد
264 3 1 _a 2020
300 _a109 ورقة
336 _atext
_btxt
_2rdacontent
337 _aunmediated
_bn
_2rdamedia
338 _avolume
_bnc
_2rdacarrier
500 _aرسالة جامعية( رسالة ماجستير في القانون) جامعة عجلون الوطنية( عجلون، الاردن)، 2020
650 4 _aالقانون الاردني - الغقود
_959856
700 1 _aبني مقداد، محمد
_eمشرف
_965792
942 _2lcc
_cTHS
999 _c30524
_d30524